[Event "Aktobe U14 op"]
[Site "Aqtobe"]
[Date "2022.06.19"]
[Round "8"]
[White "Tanikeyev, Beknur"]
[Black "Akhmet, Suleyman"]
[Result "0-1"]
[WhiteElo "1497"]
[BlackElo "1457"]
[PlyCount "89"]
[EventDate "2022.06.14"]
[EventType "swiss"]
[EventRounds "9"]
[EventCountry "KAZ"]
[SourceTitle "EXT 2023"]
[Source "ChessBase"]
[SourceDate "2022.10.05"]
[SourceVersion "1"]
[SourceVersionDate "2022.10.05"]
[SourceQuality "1"]

1. e4 Nf6 2. e5 Nd5 3. d4 d6 4. Nf3 g6 5. Be2 Bg7 6. c4 Nb6 7. Bf4 0-0 8. 0-0 Nc6 9. exd6 cxd6 10. Nc3 Bg4 11. Be3 Bxf3 12. gxf3 Rc8 13. b3 e6 14. Rc1 d5 15. c5 Nd7 16. Nb5 a6 17. Nd6 Rb8 18. a4 Qf6 19. f4 Rfd8 20. Qd3 Nxd4 21. b4 Nxe2+ 22. Qxe2 Bf8 23. Nxb7 Rxb7 24. c6 Rc7 25. b5 d4 26. Bd2 Nc5 27. Ba5 Qxf4 28. Bxc7 Qxc7 29. Rc4 Bd6 30. h3 e5 31. Rb1 axb5 32. axb5 d3 33. Qe3 Qb6 34. Kf1 f5 35. Qd2 Ne4 36. Qa2 Kg7 37. c7 Bxc7 38. Rc6 Qd4 39. Rxc7+ Kh6 40. Rc4 Qxc4 41. Qxc4 Nd2+ 42. Ke1 Nxc4 43. b6 Rb8 44. b7 Nd6 45. Ra1 0-1